Amixem - Statistiques

Statistiques générales
  • Ce quiz a été pris 623 fois
  • Le résultat moyen est 8 sur 17
Statistiques - réponses
indice réponse % Correct
Le patron Amixem
100%
Le moustachu Etienne
98%
Le chauve Thomas
98%
Le photographe Yvan
94%
Pour le peuple... de Judée
72%
Le nom du pingouin alcoolique Flibus
67%
MAXIME... CARBONE
55%
La roue... des couleurs
54%
C'est TYPIQUE... de la bas
28%
Vous faites face... à un homme en colère
27%
Qui ne boit son rhum que... On the rocks
24%
le nom du personnage qui "remplace" Flibus Gulliviande
17%
Je vous présente ma femme... Pergolette
17%
1000€ c'est pas... Déconnant
6%
La prochaine fois on fait on teste 100... Poudres
6%
qui, après avoir massacré une colo a super envie de Pâtes carbo
5%
(imitation d'accent espagnol) c'est ce qui me... semblas
4%
Aucun quiz correspondant
Distribution des résultats
% des personnes avec chaque résultat
Percentile par nombre de réponses
Votre historique - résultats
Vous n’avez pas pris ce quiz